000 00886nam a2200193 i 4500
001 158945
003 ES-MaACL
005 20260127062550.0
008 981127s1885 sp |||| | spa d
040 _aCCPB | B
_bspa
_cCCPB | B
100 1 _aMartínez Asenjo, Lamberto.
_9129621
245 1 0 _aMemoria leida en la Real Academia de Jurisprudencia y Legislación, en la sesión inaugural del curso de 1885 á 1886 /
_cpor Lamberto Martínez Asenjo.
260 _aMadrid :
_b[s.n.],
_c1885 (
_fImprenta del Ministerio de Gracia y Justicia)
300 _a120 p. ;
_c24 cm.
610 2 _aReal Academia de Jurisprudencia y Legislación de España-
_vMemorias.
_9150092
700 _aReal Academia de Jurisprudencia y Legislación de España
_9217612
852 _aES-MaACL
_jT-434-F-7
_z-- Enc. hol.
_q-- Falto de la cub. original
_z-- Enc. en un vol. facticio
999 _c158945
_d158945